| 000 | 00668nam a22001577a 4500 | ||
|---|---|---|---|
| 003 | OSt | ||
| 005 | 20151214105735.0 | ||
| 008 | 151214b xxu||||| |||| 00| 0 eng d | ||
| 040 | _cRUA | ||
| 082 | _aAED KHU 2004 B216 Or.1 | ||
| 100 |
_94818 _aKHUT, NIMOL. |
||
| 245 | _aHousehold food security of lwf in thpong district , kampong speu province (សន្តិសុខស្បៀងជាលក្ខណះគ្រួសារនៃអង្កការលូថេរ៉ាននៅក្នុងស្រុកថ្ពងខេត្តកំពង់ស្ពឺ) | ||
| 260 |
_aPhnom Penh _bRUA _c2004 |
||
| 300 |
_axii, 66p. _bill. _c29cm. |
||
| 942 |
_2ddc _cAED |
||
| 999 |
_c4484 _d4484 |
||